El cañón Armstrong de cien toneladas (Record no. 40115)

MARC details
000 -LEADER
campo de control de longitud fija 00726nam a2200181 i 4500
001 - NÚMERO DE CONTROL
campo de control 40115
003 - IDENTIFICADOR DE NÚMERO DE CONTROL
campo de control ES-MaACL
005 - FECHA Y HORA DE LA ÚLTIMA TRANSACCIÓN
campo de control 20230906160139.0
007 - CAMPO FIJO DE DESCRIPCIÓN FÍSICA--INFORMACIÓN GENERAL
campo de control de longitud fija t|
008 - DATOS DE LONGITUD FIJA--INFORMACIÓN GENERAL
campo de control de longitud fija 030305s1877 sp |||| | spa d
245 03 - MENCIÓN DEL TÍTULO
Título El cañón Armstrong de cien toneladas
Resto del título : traducción de las correspondencias publicadas por el Times sobre las pruebas de artillería recientemente llevadas a cabo en Italia, en el arsenal y puerto de Spezia en los meses de octubre y noviembre últimos.
260 ## - PUBLICACIÓN, DISTRIBUCIÓN, ETC.
Lugar de publicación, distribución, etc. Madrid :
Nombre del editor, distribuidor, etc. [s.n.],
Fecha de publicación, distribución, etc. 1877 (
Fabricante Estab. Tip. de G. Estrada)
300 ## - DESCRIPCIÓN FÍSICA
Extensión 79 p. ;
Dimensiones 25 cm.
650 #4 - PUNTO DE ACCESO ADICIONAL DE MATERIA--TÉRMINO DE MATERIA
Término de materia o nombre geográfico como elemento de entrada Cañones.
9 (RLIN) 135743
650 #4 - PUNTO DE ACCESO ADICIONAL DE MATERIA--TÉRMINO DE MATERIA
Término de materia o nombre geográfico como elemento de entrada Tiro de artillería.
9 (RLIN) 155696
650 #4 - PUNTO DE ACCESO ADICIONAL DE MATERIA--TÉRMINO DE MATERIA
Término de materia o nombre geográfico como elemento de entrada Artillería naval.
9 (RLIN) 155697
852 ## - LOCALIZACIÓN
Ubicación ES-MaACL
Número de control de estantería T-255-F-5
Holdings
Estatus retirado Estado de pérdida Estado de daño No para préstamo Colección Biblioteca de origen Biblioteca actual Ubicación en estantería Fecha de adquisición Fuente de adquisición Total de préstamos Signatura topográfica completa Código de barras Visto por última vez Precio de reemplazo Tipo de ítem Koha
        Colección de folletos Biblioteca del Ateneo de Madrid Biblioteca del Ateneo de Madrid Depósito folletos 17/01/2008     T-255-F-5 1042235 23/02/2023 23/02/2023 Folleto